000 00806nam a2200241Ia 4500
003 OSt
005 20241209152159.0
008 210716s2009 xx 000 0 und d
020 _a9788173199028
040 _cAIMIT LIBRARY
041 _aeng
082 _a001.072
_21
_b VITR
245 _aBiotechnology :
_bconcepts and applications /
_cEdited by Ravishankar Rai Vittal and Rajeev Bhat.
250 _a1st ed.
260 _aNew Delhi :
_bNarosa Publishing House ,
_c2009.
300 _axii,467p. ;
_bPB
_c25.8 cm
650 _aPharmacogenomics in clinical research
_9188583
650 _aProtein engineering principles
_9188584
650 _aAntioxidant in health
_9188585
700 _aVittal, Ravishankar Rai., ed.
_9188586
700 _aRajeev., ed.
_9189034
942 _2ddc
_cBK
_e1st
_k001.072 VITR
999 _c192180
_d192180